[Event "Tilburg"]
[Site "Tilburg"]
[Date "1993.??.??"]
[Round "2"]
[White "Miles, Anthony John"]
[Black "Adams, Michael"]
[Result "0-1"]
[WhiteElo "2565"]
[BlackElo "2630"]
[Annotator "Ftacnik,L"]
[PlyCount "70"]
[EventDate "1993.11.??"]
[EventType "k.o."]
[EventRounds "7"]
[EventCountry "NED"]
[SourceTitle "CBM 039"]
[Source "ChessBase"]
[SourceDate "1994.04.01"]
[SourceVersion "1"]
[SourceVersionDate "1994.04.01"]
[SourceQuality "1"]

1. d4 {Ribli} d6 2. Nf3 Bg4 3. c4 Nd7 4. Qb3 Rb8 5. h3 Bxf3 6. Qxf3 g6 7. e3
Bg7 8. Nc3 c5 9. d5 $6 (9. Qd1 $5) 9... Bxc3+ $5 10. bxc3 Ngf6 {!? Ribli} (
10... Qa5 {Ribli} 11. Bd2 Ngf6 12. Qd1 $5 Ne4 13. Bd3 f5 14. O-O Ne5 15. Be1
$14 {Flear,G-Adams,M/London WFW/1990/CBM18/INF49,(67)/}) 11. g4 $6 (11. Qd1 $5
{Ribli}) 11... Qa5 12. Qd1 (12. Bd2 Ne5 13. Qe2 Ne4 $17) 12... h5 (12... Qxc3+
13. Bd2 Qa3 14. Qb3 $44) (12... Ne4 13. Bb2) 13. gxh5 (13. Rg1 hxg4 14. hxg4
Ne4 15. Qc2 Ne5 16. Bg2 Qxc3+ 17. Qxc3 Nxc3 18. Bb2 Nd3+ 19. Kd2 Nxb2 20. Kxc3
Na4+ $17) (13. g5 {Ribli} Ne4 $17) 13... Rxh5 $17 14. Qb3 Ne4 15. Bb2 Rh4 16.
Be2 Kd8 {!? Ribli} 17. Qc2 Kc7 18. Bd3 Nef6 19. f4 (19. a4 Rbh8 20. Bf1 Ne4 $17
) 19... Rbh8 20. Qg2 Qa4 21. Bc1 Nb6 22. e4 (22. Qf1 Qd7 $17) 22... Nxc4 23.
Rb1 Nb6 24. Be3 Qd7 25. Bb5 Qc8 26. Bf1 Kb8 27. c4 e5 $1 28. fxe5 Rxe4 29. Kd2
(29. exf6 Rxe3+ 30. Kd2 Ra3 $19) 29... Qf5 30. Rxb6 (30. exf6 Rxe3 31. Rxb6 (
31. Kxe3 {Ribli} Qxb1 $19) 31... Qf4) 30... Rxe3 31. exf6 (31. Kxe3 Qxe5+ 32.
Kf2 (32. Kd2 {Ribli} axb6 $19) 32... Qd4+ 33. Kg3 axb6 $19) 31... Qf4 32. Qg4
Qf2+ 33. Be2 axb6 34. Rf1 Qg3 35. Qd7 Ra3 0-1

[Event "Interzonal-16"]
[Site "Biel"]
[Date "1993.??.??"]
[Round "9"]
[White "Nalbandian, Tigran"]
[Black "Rogers, Ian"]
[Result "0-1"]
[WhiteElo "2485"]
[BlackElo "2595"]
[Annotator "Ftacnik,L"]
[PlyCount "80"]
[EventDate "1993.07.16"]
[EventType "swiss"]
[EventRounds "13"]
[EventCountry "SUI"]
[SourceTitle "CBM 037"]
[Source "ChessBase"]
[SourceDate "1993.12.01"]
[SourceVersion "1"]
[SourceVersionDate "1993.12.01"]
[SourceQuality "1"]

1. Nf3 g6 2. d4 Bg7 3. c4 d6 4. Nc3 e5 5. dxe5 dxe5 6. Qxd8+ Kxd8 7. Bd2 $5 (7.
Bg5+) 7... Be6 8. O-O-O Kc8 9. e3 h6 $1 (9... f6 10. Rg1 {/\ g4, Ne4+/- Spassky
}) 10. Rg1 Nd7 11. g4 a5 {/\ Nc5=/+} 12. Ne4 $1 Ngf6 13. Nxf6 Nxf6 $1 14. Nxe5
$1 (14. Bc3 Bxg4 $1 (14... Nxg4 $6 15. Bh3 $1 f5 $8 (15... h5 16. Ng5 $16) (
15... Nxf2 16. Bxe6+ fxe6 17. Rdf1 Nd3+ 18. Kc2 Nb4+ 19. Bxb4 axb4 20. Rxg6 $16
) 16. Bxg4 fxg4 17. Nxe5 $10) 15. Be2 Bxf3 16. Bxf3 Re8 $15) 14... Ne4 15. Nd3
Rd8 $1 (15... Bxc4 16. Nc5 $1 Bxf1 17. Nxe4 Be2 18. Rde1 Bf3 19. Bc3 Bxc3 20.
Nxc3 $10) 16. Bg2 $1 (16. b3 $6 a4 $17) (16. Nf4 Nxf2 17. Nxe6 fxe6 18. Re1
Bxb2+ $1 $17) (16. Kc2 $15) 16... Nd6 (16... Bxc4 17. Bxe4 Bxd3 $10) 17. Nc5 $1
(17. c5 Nb5 18. a4 Bb3 $1 $17) (17. b3 a4 $5 $15 (17... Bxg4 $15)) 17... Bxc4
18. b3 Be2 19. Rde1 Bxg4 20. Nxb7 Nxb7 21. Bxb7+ Kxb7 22. Rxg4 Rd5 $10 23. Rc4
$6 (23. Re2 $142 Rh5 24. f3 $10) 23... Rh5 24. h4 $2 (24. e4 $8 g5 $5 $15 (
24... Rh4 {/\ Be5=/+})) 24... Bf6 25. e4 (25. Rf4 Ra6 $17) 25... Bxh4 (25...
Rxh4 $6 26. e5 Rxc4+ 27. bxc4 Bg7 28. e6 $15) 26. Rh1 $5 (26. Be3 $17) 26...
Bxf2 27. Rf1 (27. Rxh5 gxh5 {/\ Bg3, h4-+}) 27... Bg3 $1 28. Rxf7 Rh1+ 29. Kb2
Rh2 30. Kc1 (30. Rc2 h5 $19) 30... g5 $19 31. a4 Bd6 32. Rd4 Ra6 (32... g4 $4
33. Rxd6 $18) (32... Be5 $2 33. Rd5 $15) 33. Kd1 g4 34. Ke1 g3 35. Kf1 h5 36.
Rd5 h4 37. e5 Bxe5 38. Bxa5 Rf6+ 39. Rxf6 Bxf6 40. Rd2 h3 $1 0-1

[Event "Budapest zt-A"]
[Site "Budapest"]
[Date "1993.??.??"]
[Round "2"]
[White "Ftacnik, Lubomir"]
[Black "Ermenkov, Evgenij"]
[Result "1-0"]
[WhiteElo "2535"]
[BlackElo "2505"]
[Annotator "Ftacnik,L"]
[PlyCount "65"]
[EventDate "1993.03.??"]
[EventType "tourn"]
[EventRounds "11"]
[EventCountry "HUN"]
[EventCategory "11"]
[SourceTitle "CBM 034"]
[Source "ChessBase"]
[SourceDate "1993.06.01"]
[SourceVersion "1"]
[SourceVersionDate "1993.06.01"]
[SourceQuality "1"]

1. d4 {Ribli} d6 2. Nf3 g6 3. c4 Bg7 4. Nc3 e5 5. Bg5 (5. g3 $5 {Ribli}) 5...
f6 6. Bd2 $1 (6. Bh4 $6 g5 7. Bg3 f5 8. h3 e4 9. Nd2 Bxd4 10. Ndxe4 Bg7 11. Nd2
f4 $13 {Borges Mateos,J-Kanstler,B/Belgorod/1990/}) 6... Nc6 (6... exd4 $1 7.
Nxd4 f5 8. Bf4 (8. e3 Ne7 9. Be2 Nbc6 $10) 8... Nf6 9. g3 $13) (6... f5 7. Bg5
Qd7 8. dxe5 (8. e3 h6 9. Bh4 g5 10. Bg3 f4 $19) 8... dxe5 9. e4 $14) 7. d5 Nce7
(7... Nd4 8. Nxd4 exd4 9. Nb5 f5 10. Bg5 Qxg5 11. Nxc7+ Kd8 12. Nxa8 $16) 8. e4
Nh6 (8... f5 $5 9. Bd3 Nf6 10. O-O O-O 11. Ng5 h6 12. Ne6 Bxe6 13. dxe6 f4 14.
g3 $13) 9. h4 Bg4 (9... f5 10. h5 Nf7 11. Be2 (11. Bd3 f4 12. hxg6 hxg6 13.
Rxh8+ Bxh8 14. Qc2 Bg4 15. O-O-O $14) 11... f4 $140 12. g3 $1) 10. Be2 c5 (
10... f5 $2 11. Ng5 $16) (10... Nf7 $2 11. Nxe5 $1 Bxe2 (11... Nxe5 12. Bxg4
$18) 12. Qa4+ $18) (10... O-O $5 11. Qc1 (11. Qb3 b6 12. Bxh6 Bxh6 13. Ng5 Qc8
$1) 11... Nf7 12. Ng5 Qc8 13. Nxf7 Rxf7 14. f3 Bd7 15. h5 $40) 11. Qc1 Nf7 (
11... Bxf3 12. Bxf3 Nf7 13. Bg4 f5 14. Bh3 $16) 12. Ng5 $1 fxg5 (12... Bxe2 $2
13. Ne6 $18) (12... Bd7 $2 13. Ne6 Bxe6 14. dxe6 $18) (12... Nxg5 13. Bxg4 Nf7
14. Be6 $16) 13. Bxg4 gxh4 14. Be6 $1 (14. Rxh4 $2 Nxd5 15. Nxd5 Qxh4 16. Nc7+
Kd8 $19) 14... Bf6 (14... h6 15. Rb1 $1 (15. Rxh4 Nxd5 16. Nxd5 Qxh4 17. Qc2 (
17. Nc7+ Ke7) 17... O-O $1 (17... Qh1+ $2 18. Ke2 Qxa1 19. Qa4+ Kf8 20. Qd7 $18
)) (15. Qd1 Ng5 $1 16. Bxg5 hxg5 17. Rh3 Qa5 (17... Bf6 18. Rf3 Rf8 19. Qa4+
$18) 18. Qb3 $16) 15... g5 16. b4 cxb4 17. Rxb4 b6 18. Qd1 Ng6 19. Qh5 Qf6 20.
Nb5 Ke7 21. Rb3 $40) 15. Rh3 h5 $2 (15... g5 16. Bxf7+ (16. Rf3 Ng8 17. Bxf7+
Kxf7 18. Bxg5 $16) 16... Kxf7 17. Bxg5 Nxd5 18. Rf3 Ke8 19. Bxf6 Nxf6 20. Qh6
$16) (15... Ng8 16. Rf3) 16. Rf3 Ng8 17. Rb1 Ngh6 (17... Ng5 18. Rxf6 Qxf6 19.
Bxg5 $18) (17... Nfh6 18. b4 cxb4 19. Nb5 a6 20. Nxd6+ Qxd6 21. Bxh6 $18) 18.
b4 cxb4 (18... b6 19. bxc5 dxc5 20. d6 $1 Nxd6 21. Nd5 Bg7 22. Bg5 Qb8 23. Nf6+
Bxf6 24. Bxf6 $18) 19. Nb5 $1 (19. Rxb4 b6) 19... Be7 (19... a6 20. Bxh6 Nxh6 (
20... axb5 21. Bxf7+ Kxf7 22. Bg5 $18) 21. Nxd6+ Qxd6 22. Rxf6 $18) 20. c5 dxc5
(20... a6 21. c6 $18) (20... Qa5 21. cxd6 Qxb5 22. d7+ $18) 21. Bxh6 Nxh6 22.
d6 $1 Bxd6 (22... Bf6 23. Nc7+ Kf8 24. Nxa8 $18) (22... Bg5 23. d7+) 23. Rd3
Qe7 24. Nxd6+ (24. Rxd6 a6 25. Bb3 Kf8 26. Rxg6 axb5 27. Qxh6+ $18) 24... Kf8
25. Qc4 Kg7 (25... Qc7 26. Nf7 Nxf7 27. Rd7 $18) (25... Rd8 26. Nc8 Qc7 27.
Rxd8+ Qxd8 28. Qxc5+ $18) 26. Nf5+ $1 Nxf5 27. Rd7 Qxd7 28. Bxd7 Nd4 29. Qxc5
Kh6 30. Qxe5 Nc2+ 31. Kf1 Rhd8 32. Qf4+ Kg7 33. Qc7 1-0

[Event "Saint Louis Fall-B"]
[Site "Saint Louis"]
[Date "2018.10.14"]
[Round "5"]
[White "Holt, Conrad"]
[Black "Gabuzyan, Hovhannes"]
[Result "0-1"]
[WhiteElo "2561"]
[BlackElo "2592"]
[Annotator "Gabuzyan/Macieja"]
[PlyCount "154"]
[EventDate "2018.10.10"]
[EventType "tourn"]
[EventRounds "9"]
[EventCountry "USA"]
[EventCategory "10"]
[SourceTitle "CBM 186 Extra"]
[Source "ChessBase"]
[SourceDate "2018.08.24"]
[SourceVersion "1"]
[SourceVersionDate "2018.08.24"]
[SourceQuality "1"]

{[%evp 0,154,25,26,67,35,28,30,32,44,44,36,31,31,49,49,53,41,34,11,30,27,6,-6,
17,22,46,73,73,50,44,22,62,34,73,69,57,34,10,11,17,16,20,20,11,11,28,33,34,13,
0,0,0,0,0,-15,18,16,19,10,18,26,21,-22,-13,-31,-31,-29,-36,-38,-42,-42,-45,-49,
-36,-41,-64,-76,-49,-76,-78,-120,-131,-147,-150,-139,-153,-160,-138,-147,-114,
-121,-122,-127,-128,-122,-59,-100,-64,-63,-28,-64,-40,-94,-98,-119,-113,-106,
-116,-99,-103,-103,-108,-176,-144,-132,-131,-147,-151,-166,-150,-128,-169,-178,
-166,-169,-197,-188,-202,-196,-200,-196,-196,-209,-201,-202,-215,-214,-211,
-211,-265,-303,-191,-294,-262,-285,-278,-295,-306,-484,-394,-636,-761,-850,
-897,-29993,-29990]} 1. d4 g6 2. c4 Bg7 3. Nc3 d6 4. Nf3 Bg4 $6 {Of course not
the best move, but I was trying to avoid King's Indian Defence theory. With
this move, Black is choosing the dark-squared strategy: placing own pawns on
white squares, and pressuring the d4 pawn.} 5. h3 Bxf3 6. exf3 (6. gxf3 {
was interesting as well} c6 7. e4 e6) 6... Nf6 7. Be3 Nbd7 8. Be2 O-O 9. g4 $6
{I was extremely surprised by that move. I thought White was not on time to
push pawns on the kingside.} (9. O-O c6 10. f4 d5 $13) 9... c6 10. g5 Ne8 11.
Qd2 d5 $1 {I went for that sacrifice intuitively, without deep calculations. I
felt White would have problems with the king once the position opened.} 12.
cxd5 Nd6 {I think opening the b-file is useful for Black.} (12... cxd5 13. Nxd5
e6 14. Nf4 Rc8 15. h4 $13) 13. dxc6 bxc6 14. O-O Nf5 15. Rad1 Rb8 16. f4 {
White is a pawn up, but has many weaknesses, so I prefer Black's position.} h5
$5 {The Bg4 move was possible in many lines, so I tried to take that square
under control.} 17. gxh6 $2 {I don't like this move. White wins access to g4
square, but now almost all his pawns are weak.} (17. b3) 17... Bxh6 18. Bd3 e6
19. Bxf5 gxf5 {White is still a pawn up, but his pawn structure is miserable
and the bishop is very passive.} 20. Kh2 Qh4 21. Rg1+ Kh7 22. Rg2 Rg8 23. Rdg1
Rxg2+ 24. Rxg2 Nf6 25. f3 Rd8 26. b4 Nd7 {Black has nice compensation for the
pawn.} 27. Qf2 $6 {Trying to give the pawn back and escape to a draw.} Qxf2 $2
$11 {The wrong answer to my opponent's bad decision, due to a calculation
mistake} (27... Bxf4+ 28. Bxf4 Qxf4+ 29. Kh1 Rg8 $15) 28. Rxf2 Nb6 29. Rc2 $1
Bf8 ({If} 29... Nc4 30. Bc1 Rxd4 $4 {, then} 31. Ne2 $1 $18 {- the move that I
blundered!}) 30. a3 Ra8 $1 {Not an obvious move, but following the strong idea
of weakening White's last connected pawn pair.} 31. Ne2 a5 32. Bd2 axb4 33.
Bxb4 Bxb4 34. axb4 Nd5 35. Kg3 Nxb4 36. Rc4 Nd3 37. Rc3 Rg8+ 38. Kh2 Nb4 39.
Rc4 Nd5 $1 {The idea is to sacrifice my weak pawn to gain activity. Now all
four white pawns are vulnerable to attack.} 40. Rxc6 Ne3 41. Nc1 Rg2+ 42. Kh1
Rd2 43. Nb3 Rd3 44. Rb6 Kg6 45. Rb7 Nd5 46. Kg2 Nxf4+ 47. Kg3 Nd5 48. Kf2 f4 $2
{It was much better to leave that square for the knight.} (48... Rc3 $17) 49.
h4 Ne3 50. Ke2 Rc3 51. Nc5 Nf5 52. Nd3 Nxd4+ 53. Kd2 Rc2+ 54. Kd1 Rh2 55. Nxf4+
Kg7 56. Rd7 $4 {The losing move. White could have sacrificed the knight for
the remaining black pawns.} (56. Nh5+ Kh6 57. Nf4 Rh1+ 58. Kd2 Nxf3+ 59. Ke2
Ne5 60. Nxe6 $1 fxe6 61. Rb6 {with a drawn endgame.}) 56... Rh1+ 57. Kd2 Nxf3+
58. Ke3 Ne5 {Now the endgame is lost.} 59. Rc7 (59. Nxe6+ $2 Kf6 $19) 59... Kf6
60. Nh5+ Kg6 61. Nf4+ Kf5 62. Ng2 Rh3+ 63. Kf2 Ng4+ 64. Ke2 f6 65. Rc1 e5 66.
Ra1 Rb3 67. Ra2 Rg3 68. Ne1 e4 69. Kf1 Ne3+ 70. Ke2 Kf4 71. Ra4 Ng4 72. Kf1 Rb3
73. Ng2+ Kg3 74. Ne1 f5 75. h5 Rb2 76. Ra3+ e3 77. h6 f4 0-1

[Event "Berlin East DSV"]
[Site "Berlin East"]
[Date "1982.10.15"]
[Round "6"]
[White "Knaak, Rainer"]
[Black "Espig, Lutz"]
[Result "1-0"]
[WhiteElo "2495"]
[BlackElo "2470"]
[Annotator "Gagarin,V"]
[PlyCount "47"]
[EventDate "1982.10.09"]
[EventType "tourn"]
[EventRounds "13"]
[EventCountry "DDR"]
[EventCategory "9"]
[SourceTitle "MCL"]
[Source "ChessBase"]
[SourceDate "1999.07.01"]
[SourceVersion "1"]
[SourceVersionDate "1999.07.01"]
[SourceQuality "1"]

1. d4 d6 2. c4 e5 3. Nf3 Nd7 4. Nc3 Be7 5. Qc2 c6 6. e3 Ngf6 7. Bd3 a6 (7...
O-O 8. Bd2 $5 Re8 9. O-O-O $5 Qc7 10. g4 Nf8 11. g5 Nh5 12. Rhg1 g6 13. Ne2
exd4 14. Nfxd4 Ne6 15. Nxe6 Bxe6 16. f4 Qc8 17. Rdf1 $40 {Solozhenkin,
E-Khashimov/Ashkhabad/1990/1:0/28/}) 8. O-O O-O (8... b5 9. dxe5 Nxe5 10. Nxe5
dxe5 11. b3 Be6 12. Ne4 Nd7 13. Bb2 f5 14. Ng3 e4 15. Bxe4 fxe4 16. Qxe4 Kf7
17. Rad1 $44 {Bern,I-Loeffler,S/Copenhagen/1988/1:0/52/}) 9. b3 Re8 10. Bb2 Bf8
(10... h6 $5 $14) (10... exd4 $5 11. exd4 Nf8 12. h3 Ng6 $14) 11. Rad1 Qc7 12.
h3 (12. Ng5 $5 g6 13. f4 Ng4 14. Rde1 $36) 12... b5 $2 (12... h6 $1 $14) 13.
Ng5 $1 $16 g6 (13... h6 $4 14. Bh7+ $18) 14. f4 $1 exd4 15. exd4 Bh6 $2 (15...
bxc4 16. bxc4 Bg7 17. f5 $16) (15... d5 $5 16. f5 $36) 16. Qf2 $1 {/\ Qh4,f5}
Nf8 $6 (16... bxc4 $6 17. bxc4 d5 18. Qh4 Bg7 19. cxd5 cxd5 20. Nxd5 $1 Nxd5
21. Qxh7+ Kf8 22. Nxf7 $1 (22. Ba3+ Ne7 $13 {/\ Nf6}) 22... N7f6 (22... Kxf7 $2
23. Bxg6+ $18) 23. Ba3+ Ne7 24. Qxg6 $16) (16... d5 $5 17. Qh4 Bg7 18. f5 $16 (
18. cxd5 $6 cxd5 19. Nxd5 $2 Nxd5 20. Qxh7+ Kf8 $17 {/\ N7f6})) 17. d5 $1 bxc4
$2 (17... cxd5 18. Nxd5 (18. cxd5 $16) (18. cxb5 $16) 18... Nxd5 19. cxd5 $16 (
19. Qd4 Qa7 $14)) 18. Nce4 $1 $18 Nxe4 (18... Bg7 19. Bxf6 cxd3 20. Bxg7 Kxg7
21. Qd4+ Kh6 22. Nf6 $18) 19. Nxe4 Bg7 (19... Nd7 20. Qd4 f6 21. dxc6 $1 Qxc6 (
21... cxd3 22. cxd7 $18) 22. Bxc4+ $18) (19... Rxe4 $8 20. Bxe4 c5 21. bxc4 $18
) 20. Bxg7 Kxg7 (20... cxd3 21. Nf6+ $18) 21. Qd4+ Kh6 (21... f6 22. Nxf6 $18)
22. Nf6 Bxh3 (22... cxd3 23. Ng8+ Kh5 24. Qg7 $18) (22... Ne6 23. dxe6 cxd3 24.
Ng4+ Kh5 25. Qg7 $18) 23. Ng8+ Kh5 24. Qg7 1-0